Leçons d'Algébre / (Record no. 44082)

MARC details
000 -LEADER
campo de control de longitud fija 00650nam a2200217 i 4500
001 - NÚMERO DE CONTROL
campo de control 44082
003 - IDENTIFICADOR DE NÚMERO DE CONTROL
campo de control ES-MaACL
005 - FECHA Y HORA DE LA ÚLTIMA TRANSACCIÓN
campo de control 20250724074551.0
007 - CAMPO FIJO DE DESCRIPCIÓN FÍSICA--INFORMACIÓN GENERAL
campo de control de longitud fija t|
008 - DATOS DE LONGITUD FIJA--INFORMACIÓN GENERAL
campo de control de longitud fija 030320s1860 fr ||||1| fre d
100 1# - ENTRADA PRINCIPAL--NOMBRE DE PERSONA
Nombre de persona Cirodde, P. L.
9 (RLIN) 38901
245 10 - MENCIÓN DEL TÍTULO
Título Leçons d'Algébre /
Mención de responsabilidad, etc. par P. L. Cirodde.
250 ## - MENCION DE EDICION
Mención de edición 3ème ed. modifiée / par M. M. Alfred et Ernest Cirodde.
260 ## - PUBLICACIÓN, DISTRIBUCIÓN, ETC.
Lugar de publicación, distribución, etc. Paris :
Nombre del editor, distribuidor, etc. L. Hachette e Cia.,
Fecha de publicación, distribución, etc. 1860 (
Fabricante Ch. Lahure et Cie)
300 ## - DESCRIPCIÓN FÍSICA
Extensión 680 p. ;
Dimensiones 22 cm.
650 #7 - PUNTO DE ACCESO ADICIONAL DE MATERIA--TÉRMINO DE MATERIA
Término de materia o nombre geográfico como elemento de entrada Álgebra
Fuente del encabezamiento o término embne
9 (RLIN) 9720
700 1# - ENTRADA AGREGADA--NOMBRE PERSONAL
Nombre de persona Alfred, M. M.
9 (RLIN) 19880
700 1# - ENTRADA AGREGADA--NOMBRE PERSONAL
Nombre de persona Cirodde, Ernest.
9 (RLIN) 155765
852 ## - LOCALIZACIÓN
Ubicación ES-MaACL
Número de control de estantería F-5027
Holdings
Estatus retirado Estado de pérdida Estado de daño No para préstamo Colección Biblioteca de origen Biblioteca actual Ubicación en estantería Fecha de adquisición Fuente de adquisición Total de préstamos Signatura topográfica completa Código de barras Visto por última vez Precio de reemplazo Tipo de ítem Koha
        Libros del s. XIX Biblioteca del Ateneo de Madrid Biblioteca del Ateneo de Madrid Depósito 2 17/01/2008     F-5027 1046395 23/02/2023 23/02/2023 Libro impreso antiguo